Oxford Advanced Learner's Dictionary of Current English / (Record no. 5227)
[ view plain ]
| 000 -LEADER | |
|---|---|
| fixed length control field | 00666nam a2200253 a 4500 |
| 001 - CONTROL NUMBER | |
| JCCL Control Number | 5227 |
| 003 - CONTROL NUMBER IDENTIFIER | |
| JCCL marc code | BD-JhCC |
| 005 - DATE AND TIME OF LATEST TRANSACTION | |
| control field | 20180213131437.0 |
| 008 - FIXED-LENGTH DATA ELEMENTS--GENERAL INFORMATION | |
| fixed length control field | 171210s19482007xxua|||| |||| 000 0 eng d |
| 020 ## - INTERNATIONAL STANDARD BOOK NUMBER | |
| International Standard Book Number | 9780194316651 |
| 035 ## - SYSTEM CONTROL NUMBER | |
| system control number | (BD-JhCC)5227 |
| 040 ## - CATALOGING SOURCE | |
| Original cataloging agency | BD-JhCC |
| Modifying agency | BD-JhCC |
| 041 ## - LANGUAGE CODE | |
| Language code of Book | eng |
| 082 ## - DEWEY DECIMAL CLASSIFICATION NUMBER | |
| Classification number | 423.1 |
| Author mark and Year | HOR 2007 |
| 100 ## - MAIN ENTRY--PERSONAL NAME | |
| Personal name | Hornby, A S |
| 245 ## - TITLE STATEMENT | |
| Title | Oxford Advanced Learner's Dictionary of Current English / |
| Statement of responsibility, etc | A S Hornby, |
| 250 ## - EDITION STATEMENT | |
| Edition statement | 7th ed. |
| 260 ## - PUBLICATION, DISTRIBUTION, ETC. (IMPRINT) | |
| Place of publication, distribution, etc | New York : |
| Name of publisher, distributor, etc | Oxford University Press, |
| Date of publication, distribution, etc | 2007 |
| 300 ## - PHYSICAL DESCRIPTION | |
| Pagination | 1780 p. : |
| Dimensions | 24 cm. |
| 650 ## - SUBJECT ADDED ENTRY--TOPICAL TERM | |
| Topical term or geographic name as entry element | English Dictionary |
| 650 ## - SUBJECT ADDED ENTRY--TOPICAL TERM | |
| Topical term or geographic name as entry element | English Language |
| 942 ## - ADDED ENTRY ELEMENTS (KOHA) | |
| Source of classification or shelving scheme | Dewey Decimal Classification |
| Koha item type | Reference |
| Source of classification or shelving scheme | Damaged status | Not for loan | Home library | Current library | Shelving location | Date of accession | Cost, normal purchase price | Total Checkouts | Full call number | Barcode | Date last seen | Copy number | Koha item type | Method of acquisition | Currency |
|---|---|---|---|---|---|---|---|---|---|---|---|---|---|---|---|
| Dewey Decimal Classification | JCC Rouf Library | JCC Rouf Library | General Stacks | 12/10/2017 | 530.00 | 423.1 HOR 2007 | 7295 | 12/10/2017 | C-1 | Reference | |||||
| Dewey Decimal Classification | JCC Rouf Library | JCC Rouf Library | General Stacks | 12/10/2017 | 530.00 | 423.1 HOR 2007 | 7286 | 12/10/2017 | C-2 | Reference | |||||
| Dewey Decimal Classification | JCC Rouf Library | JCC Rouf Library | General Stacks | 12/10/2017 | 530.00 | 423.1 HOR 2007 | 7296 | 12/10/2017 | C-3 | Reference | |||||
| Dewey Decimal Classification | JCC Rouf Library | JCC Rouf Library | General Stacks | 12/10/2017 | 530.00 | 423.1 HOR 2007 | 7297 | 12/10/2017 | C-4 | Reference | |||||
| Dewey Decimal Classification | JCC Rouf Library | JCC Rouf Library | General Stacks | 12/10/2017 | 530.00 | 423.1 HOR 2007 | 7290 | 12/10/2017 | C-5 | Reference | |||||
| Dewey Decimal Classification | JCC Rouf Library | JCC Rouf Library | General Stacks | 12/10/2017 | 530.00 | 423.1 HOR 2007 | 7291 | 12/10/2017 | C-6 | Reference | |||||
| Dewey Decimal Classification | JCC Rouf Library | JCC Rouf Library | General Stacks | 12/10/2017 | 530.00 | 423.1 HOR 2007 | 7298 | 12/10/2017 | C-7 | Reference | |||||
| Dewey Decimal Classification | JCC Rouf Library | JCC Rouf Library | General Stacks | 12/10/2017 | 530.00 | 423.1 HOR 2007 | 7299 | 12/10/2017 | C-8 | Reference | |||||
| Dewey Decimal Classification | JCC Rouf Library | JCC Rouf Library | General Stacks | 12/10/2017 | 530.00 | 423.1 HOR 2007 | 7294 | 12/10/2017 | C-9 | Reference | |||||
| Dewey Decimal Classification | JCC Rouf Library | JCC Rouf Library | General Stacks | 12/10/2017 | 530.00 | 423.1 HOR 2007 | 7293 | 12/10/2017 | C-10 | Reference | |||||
| Dewey Decimal Classification | JCC Rouf Library | JCC Rouf Library | General Stacks | 12/10/2017 | 530.00 | 423.1 HOR 2007 | 7292 | 12/10/2017 | C-11 | Reference | |||||
| Dewey Decimal Classification | JCC Rouf Library | JCC Rouf Library | General Stacks | 12/10/2017 | 530.00 | 423.1 HOR 2007 | 7289 | 12/10/2017 | C-12 | Reference | |||||
| Dewey Decimal Classification | JCC Rouf Library | JCC Rouf Library | General Stacks | 12/10/2017 | 530.00 | 423.1 HOR 2007 | 7288 | 12/10/2017 | C-13 | Reference | |||||
| Dewey Decimal Classification | JCC Rouf Library | JCC Rouf Library | General Stacks | 12/10/2017 | 525.00 | 423.1 HOR 2007 | 7287 | 12/10/2017 | C-14 | Reference | |||||
| Dewey Decimal Classification | JCC Rouf Library | JCC Rouf Library | General Stacks | 12/10/2017 | 530.00 | 423.1 HOR 2007 | 7300 | 12/10/2017 | C-15 | Reference | |||||
| Dewey Decimal Classification | JCC Rouf Library | JCC Rouf Library | General Stacks | 12/11/2017 | 423.1 HOR 2007 | 7303 | 12/11/2017 | C-16 | Reference | ||||||
| Dewey Decimal Classification | JCC Rouf Library | JCC Rouf Library | General Stacks | 12/11/2017 | 530.00 | 423.1 HOR 2007 | 7301 | 12/11/2017 | C-17 | Reference | |||||
| Dewey Decimal Classification | JCC Rouf Library | JCC Rouf Library | General Stacks | 12/11/2017 | 530.00 | 423.1 HOR 2007 | 7304 | 12/11/2017 | C-18 | Reference | |||||
| Dewey Decimal Classification | JCC Rouf Library | JCC Rouf Library | General Stacks | 12/11/2017 | 530.00 | 423.1 HOR 2007 | 7305 | 12/11/2017 | C-19 | Reference | |||||
| Dewey Decimal Classification | JCC Rouf Library | JCC Rouf Library | General Stacks | 12/11/2017 | 525.00 | 423.1 HOR 2007 | 7306 | 12/11/2017 | C-20 | Reference | |||||
| Dewey Decimal Classification | JCC Rouf Library | JCC Rouf Library | General Stacks | 01/02/2018 | 530.00 | 423.1 HOR 2007 | 8220 | 01/02/2018 | C-21 | Reference | |||||
| Dewey Decimal Classification | JCC Rouf Library | JCC Rouf Library | General Stacks | 01/02/2018 | 530.00 | 423.1 HOR 2007 | 8201 | 01/02/2018 | C-22 | Reference | |||||
| Dewey Decimal Classification | JCC Rouf Library | JCC Rouf Library | General Stacks | 423.1 HOR 2007 | 10339 | 02/13/2018 | C -23 | Reference | |||||||
| Dewey Decimal Classification | JCC Rouf Library | JCC Rouf Library | General Stacks | 07/12/2020 | 972.00 | 423.1 HOR 2007 | 16924 | 11/02/2021 | C-24 | Reference | |||||
| Dewey Decimal Classification | JCC Rouf Library | JCC Rouf Library | General Stacks | 06/23/2023 | 972.00 | 423.1 HOR 2007 | 18123 | 07/12/2023 | C-25 | Reference | Purchase | BDT |